Developments in electronic imaging techniques. : [Papers of a seminar held] Oct. 16-17, 1972, San Mateo, Calif. /

Bibliographic Details
Other Authors: Zirkind, Ralph, Nudelman, Sol, 1922-, Schnitzler, Alvin
Format: Book
Language:English
Published: [Redondo Beach, Calif.] : [Society of Photo-optical Instrumentation Engineers], [1973]
Series:Proceedings of SPIE--the International Society for Optical Engineering ; v. 32.
Subjects:
Online Access:https://www.spiedigitallibrary.org/conference-proceedings-of-SPIE/0032.toc

MARC

Tag First Indicator Second Indicator Subfields
LEADER 00000cam a2200000 4500
001 in00000018921
005 20230320172053.3
008 740320s1973 caua b 100 0 eng
010 |a  74159027  
035 |a (OCoLC)00867217 
035 |9 AAB4002AM 
040 |a DLC  |c DLC  |d m.c.  |d TXA  |d UtOrBLW 
049 |a TXAM  |c [A11104026] 
050 0 0 |a TA1750  |b .D48 
082 0 |a 621.38/0414 
245 0 0 |a Developments in electronic imaging techniques. :  |b [Papers of a seminar held] Oct. 16-17, 1972, San Mateo, Calif. /  |c Editors: Ralph Zirkind, Sol S. Nudelman [and] Alvin Schnitzler. 
264 1 |a [Redondo Beach, Calif.] :  |b [Society of Photo-optical Instrumentation Engineers],  |c [1973] 
300 |a x, 162 pages :  |b illustrations ;  |c 28 cm. 
336 |a text  |b txt  |2 rdacontent 
337 |a unmediated  |b n  |2 rdamedia 
338 |a volume  |b nc  |2 rdacarrier 
490 1 |a Proceedings of the Society of Photo-optical Instrumentation Engineers, v. 32 
500 |a At head of title: Seminar-in-depth. 
500 |a On spine: Electronic imagings. 
504 |a Includes bibliographies. 
650 0 |a Electrooptical devices  |v Congresses. 
650 0 |a Optoelectronic devices  |v Congresses. 
650 0 |a Optical data processing  |v Congresses. 
700 1 |a Zirkind, Ralph. 
700 1 |a Nudelman, Sol,  |d 1922- 
700 1 |a Schnitzler, Alvin. 
830 0 |a Proceedings of SPIE--the International Society for Optical Engineering ;  |v v. 32. 
856 4 1 |u https://www.spiedigitallibrary.org/conference-proceedings-of-SPIE/0032.toc  |t 0 
999 |a MARS 
999 f f |s 0b968be5-adf8-30b6-9d31-64231146620f  |i 59737d62-31c5-35b2-a71b-0b4f45801b4f  |t 0 
952 f f |p ric  |a Texas A&M University  |b Rellis Campus  |c Joint Library Facility  |d Remote Storage  |t 0  |e TA1750 c.D48  |h Library of Congress classification  |i unmediated -- volume  |m A14811104026 
998 f f |a TA1750 c.D48  |t 0  |l Remote Storage